Основы лазерной физики: учебник

Bibliografiske detaljer
Hovedforfatter: Бакланов Е. В. Евгений Васильевич
Summary:В учебник включены разделы лазерной физики, знание которых необходимо при использовании лазеров во многих областях науки и техники. Рассмотрено распространение волн в различных средах, обоснованы кинетические уравнения, которые лежат в основе теории лазеров, дано решение этих уравнений. Учебник предназначен для студентов, аспирантов и научных сотрудников, специализирующихся в областях лазерной физики и квантовой электроники.
Sprog:russisk
Udgivet: Новосибирск, Изд-во НГТУ, 2011
Serier:Учебники НГТУ
Fag:
Format: MixedMaterials Bog
KOHA link:https://koha.lib.tpu.ru/cgi-bin/koha/opac-detail.pl?biblionumber=195947

MARC

LEADER 00000nam0a2200000 4500
001 195947
005 20231101224646.0
010 |a 9785778216068 
035 |a (RuTPU)RU\TPU\book\213763 
090 |a 195947 
100 |a 20110517d2011 m y0rusy50 ca 
101 0 |a rus 
102 |a RU 
105 |a a j 001zy 
200 1 |a Основы лазерной физики  |e учебник  |f Е. В. Бакланов 
210 |a Новосибирск  |c Изд-во НГТУ  |d 2011 
215 |a 131 с.  |c ил. 
225 1 |a Учебники НГТУ 
320 |a Библиогр.: с. 120. 
330 |a В учебник включены разделы лазерной физики, знание которых необходимо при использовании лазеров во многих областях науки и техники. Рассмотрено распространение волн в различных средах, обоснованы кинетические уравнения, которые лежат в основе теории лазеров, дано решение этих уравнений. Учебник предназначен для студентов, аспирантов и научных сотрудников, специализирующихся в областях лазерной физики и квантовой электроники. 
606 1 |a Лазерное излучение  |x (физика)  |2 stltpush  |3 (RuTPU)RU\TPU\subj\70186  |9 84633 
610 1 |a лазерная физика 
610 1 |a электромагнитные волны 
610 1 |a плоские волны 
610 1 |a изотропные диэлектрики 
610 1 |a свет 
610 1 |a дисперсия 
610 1 |a анизотропные среды 
610 1 |a нелинейная оптика 
610 1 |a квантовая механика 
610 1 |a атомы 
610 1 |a кинетические уравнения 
610 1 |a электромагнитное поле 
610 1 |a генерация 
610 1 |a учебники 
675 |a 535.37(075.8)  |v 3 
700 1 |a Бакланов  |b Е. В.  |g Евгений Васильевич 
801 1 |a RU  |b 63413507  |c 20110517 
801 2 |a RU  |b 63413507  |c 20150514  |g RCR 
900 |a Основы лазерной физики 
942 |c BK 
959 |a 51/20110517  |d 5  |e 443,00  |f ЧЗТЛ:1  |f АНЛ:1  |f УФ:3 
959 |a 71/20120511  |d 2  |e 443,00  |f ЧЗТЛ:1  |f АНЛ:1